| 000 | 00380cam a2200145 4500 | ||
|---|---|---|---|
| 001 | L131373 | ||
| 008 | 051026n2005 000 0 eng u | ||
| 020 | _a1405712392 | ||
| 035 | _a(Sirsi) u131373 | ||
| 100 | _aDriscoll, James | ||
| 245 | _aHousing - the new law: a pratcial guide to the housing act 1994 | ||
| 260 |
_aButterworths law _c2005 |
||
| 350 | _a80.00 | ||
| 942 | _n0 | ||
| 999 |
_c104732 _d104732 |
||